00701 2200205 4500001002100000005001500021035002000036007000300056008004100059020002200100082001200122084001800134100002600152245014200178250003500320260003400355300005400389650002000443504003200463INLIS00000000000451720260408023212 a0010-0426000042ta260408 g 0 ind  a978-602-8758-19-2 a005.369 a005.369 PRI a0 aPriyanto Hidayatullah1 aAnimasi Pendidikan Menggunakan Flash :bMembuat Presentasi Visualisasi Materi Pelajaran Lebih Menarik /cPriyanto Hidayatullah (Penyusun) aCetakan Pertama, Februari 2011 aBandung :bInformatika,c2011 ax; 342 Halaman :bIlustrasi; Teks; Gambar ;c21cm 4aAdobe Flash CS3 aBibliografi Halaman 341-342